000 00303nam a2200109Ia 4500
008 220204s9999 xx 000 0 und d
082 _a334.72
_bHOS
100 _aHosmer, LaRue
245 0 _aEntrepreneurial function: Text and cases on smaller firms
260 _aLondon
_bPrentice Hall
_c1977
942 _cBK
999 _c29711
_d29711